Focus sur: Dinodas Brandebouc - Tolkien - Statistiques

Statistiques générales
  • Ce quiz a été pris 69 fois
  • Le résultat moyen est 3 sur 14
Statistiques - réponses
Informations recherchées Réponses % Correct
Espèce Hobbit
100%
Contrée Comté
44%
Première mention Le Seigneur des Anneaux: La Communauté de l'Anneau
44%
Age durant lequel il vécut Troisième
33%
Ville Château-Brande
22%
Mère Mirabella Touque
22%
Autre traduction du nom Brandibouc
11%
Père Gorbadoc Brandebouc
11%
Soeurs Amaranthe
0%
Asphodèle
0%
Dodinas
0%
Primula
0%
Frères Rorimac
0%
Saradas
0%
Aucun quiz correspondant
Distribution des résultats
% des personnes avec chaque résultat
Percentile par nombre de réponses
Votre historique - résultats
Vous n’avez pas pris ce quiz